Greetings from the 50 states : (Record no. 344741)
[ view plain ]
| 000 -LEADER | |
|---|---|
| fixed length control field | 00873nam a2200265Ia 4500 |
| 008 - FIXED-LENGTH DATA ELEMENTS--GENERAL INFORMATION | |
| fixed length control field | 171025s9999 xx 000 0 und d |
| 020 ## - INTERNATIONAL STANDARD BOOK NUMBER | |
| International Standard Book Number | 9780439834391 |
| 050 ## - LIBRARY OF CONGRESS CALL NUMBER | |
| Classification number | 973 |
| 050 ## - LIBRARY OF CONGRESS CALL NUMBER | |
| Item number | K265 2008 |
| 100 ## - MAIN ENTRY--PERSONAL NAME | |
| Personal name | Keenan, Sheila |
| 245 ## - TITLE STATEMENT | |
| Title | Greetings from the 50 states : |
| 245 ## - TITLE STATEMENT | |
| Remainder of title | how they got their names / |
| 245 ## - TITLE STATEMENT | |
| Statement of responsibility, etc | Sheila Keenan. |
| 260 ## - PUBLICATION, DISTRIBUTION, ETC. (IMPRINT) | |
| Place of publication, distribution, etc | New York : |
| 260 ## - PUBLICATION, DISTRIBUTION, ETC. (IMPRINT) | |
| Name of publisher, distributor, etc | Scholastic, |
| 260 ## - PUBLICATION, DISTRIBUTION, ETC. (IMPRINT) | |
| Date of publication, distribution, etc | 2008 |
| 300 ## - PHYSICAL DESCRIPTION | |
| Extent | 112 pages : |
| 300 ## - PHYSICAL DESCRIPTION | |
| Other physical details | colored illustrations ; |
| 300 ## - PHYSICAL DESCRIPTION | |
| Dimensions | 28cm. |
| 500 ## - GENERAL NOTE | |
| General note | Summary : The story behind each state's name and nickname is told in this informative book providing historical facts, fun trivia, and a helpful geography lesson. |
| 650 ## - SUBJECT ADDED ENTRY--TOPICAL TERM | |
| Topical term or geographic name as entry element | Names, Geographical. |
| 650 ## - SUBJECT ADDED ENTRY--TOPICAL TERM | |
| Topical term or geographic name as entry element | U.S. States -- |
| 650 ## - SUBJECT ADDED ENTRY--TOPICAL TERM | |
| General subdivision | Juvenile literature. |
| 700 ## - ADDED ENTRY--PERSONAL NAME | |
| Personal name | Title : Greetings from the fifty states : how they got their names. |
| Withdrawn status | Lost status | Damaged status | Home library | Current library | Date acquired | Total Checkouts | Full call number | Barcode | Date last seen | Price effective from | Koha item type |
|---|---|---|---|---|---|---|---|---|---|---|---|
| Stonyhurst Southville International School (Malarayat) | Stonyhurst Southville International School (Malarayat) | 10/25/2017 | NF 973 K265 2008 | SSISM3794 | 10/25/2017 | 10/25/2017 | Books |